| 000 | 006140000a22001810004500 | ||
|---|---|---|---|
| 003 | MACL | ||
| 005 | 20160529130148.0 | ||
| 008 | 160529b xxu||||| |||| 00| 0 eng d | ||
| 040 |
_aMACL _cMACL |
||
| 041 | _aHindi | ||
| 082 | _a891.433 MAH | ||
| 100 |
_aमहान्ती, गोपीनाथ _960599 |
||
| 245 |
_aअमृत - सन्ता _cगोपीनाथ महान्ती |
||
| 260 |
_bसाहित्य अकादेमी _c1997 _aनई दिल्ली |
||
| 350 | _a150 | ||
| 650 |
_aIndian Literature Fiction _960804 |
||
| 942 |
_cHIN _k891.433/MAH/S _2ddc |
||
| 999 |
_c12289 _d12289 |
||